Culture Générale - Série 2063 - Statistiques

Statistiques générales
  • Ce quiz a été pris 103 fois
  • Le résultat moyen est 5 sur 10
Statistiques - réponses
Question Réponse % Correct
A la fin des années 1970, à quel groupe appartenait le chanteur Sting ? The Police
78%
En musique, quel signe d'altération hausse d'un demi-ton la note qu'il précède ? dièse
74%
Quel est ce singe de Bornéo dont le long nez mou a donné le nom ? voir photo nasique
60%
A qui a été décerné le prix Nobel de la paix en 2009 ? Barack Obama
52%
Quel nom anglais désigne une société financière qui contrôle d'autres sociétés ? holding
50%
De quel pays Ashkabad est-elle la capitale ? Turkménistan
48%
Quelle ville d'Allemagne a donné son nom à une voiture d'enfant ? Landau
39%
Dans le film "Pouic-Pouic" de 1963 avec Jacqueline Maillan et Louis de Funès, quel animal est "Pouic-Pouic" ? poulet
38%
Sous quel nom connaissait-on mieux l'acteur Pierre Cuq (1925-2012) ? Pierre Mondy
24%
Quel est le nom français du Matterhorn, sommet situé entre le Valais et le Piémont ? Cervin
17%
Aucun quiz correspondant
Distribution des résultats
% des personnes avec chaque résultat
Percentile par nombre de réponses
Votre historique - résultats
Vous n’avez pas pris ce quiz